|
|
|
|
| LEADER |
00000cam a2200000 7i4500 |
| 001 |
0000007187 |
| 005 |
20151222.0 |
| 008 |
070828 |
| 020 |
|
|
|a 9833357253
|
| 090 |
0 |
0 |
|a JF
|b REG MAL (6999)
|
| 100 |
0 |
|
|a Afif Muhammad,Dr
|
| 245 |
1 |
0 |
|a Surah an-Nas,al-Falq,al-Ikhlas,al-Kafirun
|c Dr Afif Muhammad
|
| 260 |
|
|
|a Pahang :
|b PTS One ,
|c 2005
|
| 440 |
|
|
|a Tafsir Quran untuk kanak-kanak bergambar
|
| 500 |
|
|
|a Children ages 7-9 years old (orange)
|
| 650 |
|
0 |
|a Junior fiction
|x Malay
|x Languages
|
| 999 |
|
|
|a 0000989394
|b Book
|c Children Collection
|e Cawangan Pontian
|
| 999 |
|
|
|a 0000989395
|b Book
|c Children Collection
|e Perbadanan Perpustakaan Awam Johor
|
| 999 |
|
|
|a 0000989396
|b Book
|c Children Collection
|e Cawangan Sri Merlong
|
| 999 |
|
|
|a 0000989397
|b Book
|c Children Collection
|e Cawangan Bandar Tenggara
|
| 999 |
|
|
|a 0000989398
|b Book
|c Children Collection
|e Perbadanan Perpustakaan Awam Johor
|